<?xml version="1.0" encoding="UTF-8"?>
<record
    xmlns:xsi="http://www.w3.org/2001/XMLSchema-instance"
    xsi:schemaLocation="http://www.loc.gov/MARC21/slim http://www.loc.gov/standards/marcxml/schema/MARC21slim.xsd"
    xmlns="http://www.loc.gov/MARC21/slim">

  <leader>03682nam a2200301   4500</leader>
  <datafield tag="999" ind1=" " ind2=" ">
    <subfield code="c">8610</subfield>
    <subfield code="d">8610</subfield>
  </datafield>
  <controlfield tag="001">22692</controlfield>
  <controlfield tag="003">BD-DhUAP</controlfield>
  <controlfield tag="005">20250624110618.0</controlfield>
  <controlfield tag="008">191011t20192019nyua   e      001 0 eng d</controlfield>
  <datafield tag="020" ind1=" " ind2=" ">
    <subfield code="a">9780241363188</subfield>
  </datafield>
  <datafield tag="040" ind1=" " ind2=" ">
    <subfield code="a">YDX</subfield>
    <subfield code="b">eng</subfield>
    <subfield code="c">BD-DhUAP</subfield>
    <subfield code="e">BD-DhUAP</subfield>
    <subfield code="d">BD-DhUAP</subfield>
  </datafield>
  <datafield tag="082" ind1="0" ind2="0">
    <subfield code="a">109.2 PHI</subfield>
    <subfield code="2">23</subfield>
  </datafield>
  <datafield tag="245" ind1="0" ind2="0">
    <subfield code="a">How philosophy works :</subfield>
    <subfield code="b">the concepts visually explained /</subfield>
    <subfield code="c">consultant editor Marcus Weeks.</subfield>
  </datafield>
  <datafield tag="250" ind1=" " ind2=" ">
    <subfield code="a">First American edition.</subfield>
  </datafield>
  <datafield tag="264" ind1=" " ind2="1">
    <subfield code="a">New York, NY :</subfield>
    <subfield code="b">DK Publishing,</subfield>
    <subfield code="c">2019.</subfield>
  </datafield>
  <datafield tag="264" ind1=" " ind2="4">
    <subfield code="c">&#xA9;2019</subfield>
  </datafield>
  <datafield tag="300" ind1=" " ind2=" ">
    <subfield code="a">255 pages :</subfield>
    <subfield code="b">color illustrations ;</subfield>
    <subfield code="c">25 cm</subfield>
  </datafield>
  <datafield tag="504" ind1=" " ind2=" ">
    <subfield code="a">Includes index.</subfield>
  </datafield>
  <datafield tag="505" ind1="0" ind2=" ">
    <subfield code="a">Foundations. The source of everything ; Cosmic origins ; Sacred geometry ; All is flux ; All is one ; Zeno's paradoxes ; Elements and forces ; Immortal seeds ; Atomic theory ; Examining ideas ; Platonic realms ; Plato's allegory of the cave ; One world only ; Form is function ; An earth-centered cosmos ; Purposes in nature ; Scholastic philosophy ; Transubstantiation ; Occam's razor ; The scientific revolution ; Doubting the world ; Mind and body ; The body as machine ; the one substance ; The blank slate ; An infinity of minds ; Facts and ideas ; Shaping the world with the mind ; Kinds of truth ; Reality as a process ; The end of history ; Class conflict in history ; Useful truths ; The value of truth ; Ideas as tools -- Analytic philosophy. What does a word mean? ; Russell's theory of descriptions ; Picturing the world ; Meaning and observation ; Dispensing with metaphysics ; A private language is impossible ; Wittgenstein's language-games ; Science and falsification ; The nature of scientific truth ; Words as actions ; Scientific revolutions ; Points of view ; Feminist epistemology -- Continental philosophy. Objects in the mind ; Phenomenology ; Time consciousness ; What is it like to be human? ; Life before death ; Freedom and identity ; The "other" ; Gender identity ; The lived body ; Critical theory ; Power plays ; Deconstruction ; Feminist postmodernism -- Philosophy of mind. Dualism ; The limits of language ; Behaviorism ; The mind-brain identity theory ; Eliminative materialism ; Functionalism ; Biological naturalism ; Panpsychism ; The nature of the body -- Right and wrong. Rules and principles ; Ethics and the law ; Free will? ; Do we have moral knowledge? ; Does moral truth exist? ; The fact-value distinction ; Aristotle's virtue ethics ; Humean ethics ; Deontology ; Utilitarianism ; Existentialist ethics ; Animal rights ; Euthanasia ; Cloning -- Political philosophy. Who should rule? ; Justifying absolute rule ; Government by the people ; Popular sovereignty ; How are property rights justified? ; Consent and obligation ; What rights should people enjoy? ; Kinds of liberty ; Should rights be limited? ; How should we manage change? ; To work is human nature ; Making more objective political decisions ; Perspectivism and politics ; A just war? ; Woman and patriarchy -- Logic. Rationality ; Recognizing arguments ; Analyzing arguments ; Evaluating arguments ; Deductive arguments ; Inductive arguments ; Fallacies ; Formal logic.</subfield>
  </datafield>
  <datafield tag="520" ind1=" " ind2=" ">
    <subfield code="a">Demystifying the key ideas of the world's greatest philosophers, and exploring all of the most important branches of thought, including philosophy of science, philosophy of religion, and feminist philosophy in a uniquely visual way, this resource is the perfect introduction to the subject.</subfield>
  </datafield>
  <datafield tag="650" ind1=" " ind2="0">
    <subfield code="a">Philosophy</subfield>
    <subfield code="v">Miscellanea.</subfield>
  </datafield>
  <datafield tag="650" ind1=" " ind2="0">
    <subfield code="a">Philosophy</subfield>
    <subfield code="x">History.</subfield>
  </datafield>
  <datafield tag="650" ind1=" " ind2="0">
    <subfield code="a">Philosophy</subfield>
    <subfield code="v">Pictorial works.</subfield>
  </datafield>
  <datafield tag="650" ind1=" " ind2="7">
    <subfield code="a">Philosophy.</subfield>
    <subfield code="2">fast</subfield>
    <subfield code="0">(OCoLC)fst01060777</subfield>
  </datafield>
  <datafield tag="650" ind1=" " ind2="7">
    <subfield code="a">Philosophy.</subfield>
    <subfield code="2">sears</subfield>
  </datafield>
  <datafield tag="700" ind1="1" ind2=" ">
    <subfield code="a">Weeks, Marcus,</subfield>
    <subfield code="e">editor.</subfield>
  </datafield>
  <datafield tag="942" ind1=" " ind2=" ">
    <subfield code="2">ddc</subfield>
    <subfield code="c">BK</subfield>
  </datafield>
  <datafield tag="952" ind1=" " ind2=" ">
    <subfield code="0">0</subfield>
    <subfield code="1">0</subfield>
    <subfield code="2">ddc</subfield>
    <subfield code="4">0</subfield>
    <subfield code="7">0</subfield>
    <subfield code="a">UAPCL</subfield>
    <subfield code="b">UAPCL</subfield>
    <subfield code="c">General Stacks</subfield>
    <subfield code="d">2025-06-24</subfield>
    <subfield code="o">109.2 PHI</subfield>
    <subfield code="p">3010022692</subfield>
    <subfield code="r">2025-06-24</subfield>
    <subfield code="t">1</subfield>
    <subfield code="v">2598.00</subfield>
    <subfield code="w">2025-06-24</subfield>
    <subfield code="y">BK</subfield>
  </datafield>
</record>
